000 00379 a2200157 4500
001 75010
020 _a978850213476
040 _cAnchieta - Colégio São Paulo
100 _aPadovan, Daniela
240 1 0 _aProjeto prosa : Matemática,1º ano
_lpor
245 1 0 _aProjeto prosa : Matemática,1º ano
300 _a176
362 0 _a2011
650 4 _aMatemática
942 _cBK
999 _c75010
_d75010